Once Upon a Time Episodes - Statistics

General Stats
  • This quiz has been taken 76 times
  • The average score is 68 of 155
Answer Stats
Hint Answer % Correct
S01E01 Pilot
96%
S01E03 Snow Falls
70%
S02E01 Broken
67%
S01E14 Dreamy
67%
S01E07 The Heart Is a Lonely Hunter
67%
S01E10 7:15 A.M.
63%
S03E02 Lost Girl
63%
S02E06 Tallahassee
63%
S02E04 The Crocodile
63%
S02E20 The Evil Queen
63%
S05E02 The Price
63%
S01E04 The Price of Gold
63%
S01E02 The Thing You Love Most
63%
S07E04 Beauty
59%
S02E19 Lacey
59%
S05E07 Nimue
59%
S04E21 Operation Mongoose (Part 1)
59%
S04E22 Operation Mongoose (Part 2)
59%
S02E21 Second Star to the Right
59%
S01E05 That Still Small Voice
59%
S02E05 The Doctor
59%
S02E16 The Miller's Daughter
59%
S01E19 The Return
59%
S04E07 The Snow Queen
59%
S01E20 The Stranger
59%
S01E22 A Land Without Magic
56%
S02E22 And Straight On 'til Morning
56%
S03E05 Good Form
56%
S01E17 Hat Trick
56%
S04E19 Lily
56%
S04E10 Shattered Sight
56%
S03E21 Snow Drifts
56%
S05E01 The Dark Swan
56%
S06E21 The Final Battle (Part 1)
56%
S06E22 The Final Battle (Part 2)
56%
S03E22 There's No Place Like Home
56%
S01E06 The Shepherd
56%
S06E20 The Song in Your Heart
56%
S01E18 The Stable Boy
56%
S03E14 The Tower
56%
S02E17 Welcome to Storybrooke
56%
S01E13 What Happened to Frederick
56%
S01E21 An Apple Red as Blood
52%
S04E01 A Tale of Two Sisters
52%
S01E11 Fruit of the Poisonous Tree
52%
S03E11 Going Home
52%
S02E03 Lady of the Lake
52%
S02E14 Manhattan
52%
S03E03 Quite a Common Fairy
52%
S01E15 Red-Handed
52%
S03E01 The Heart of the Truest Believer
52%
S03E17 The Jolly Roger
52%
S01E09 True North
52%
S02E02 We Are Both
52%
S03E06 Ariel
48%
S05E08 Birth
48%
S02E07 Child of the Moon
48%
S01E08 Desperate Souls
48%
S04E09 Fall
48%
S02E12 In the Name of the Brother
48%
S03E20 Kansas
48%
S07E22 Leaving Storybrooke
48%
S04E20 Mother
48%
S03E12 New York City Serenade
48%
S02E09 Queen of Hearts
48%
S03E09 Save Henry
48%
S05E19 Sisters
48%
S01E12 Skin Deep
48%
S04E08 Smash the Mirror
48%
S06E19 The Black Fairy
48%
S02E10 The Cricket Game
48%
S03E10 The New Neverland
48%
S02E13 Tiny
48%
S04E02 White Out
48%
S07E02 A Pirate's Life
44%
S04E12 Darkness on the Edge of Town
44%
S07E01 Hyperion Heights
44%
S03E04 Nasty Habits
44%
S04E15 Poor Unfortunate Soul
44%
S05E18 Ruby Slippers
44%
S02E18 Selfless, Brave and True
44%
S04E04 The Apprentice
44%
S05E04 The Broken Kingdom
44%
S05E15 The Brothers Jones
44%
S02E15 The Queen Is Dead
44%
S03E08 Think Lovely Thoughts
44%
S03E13 Witch Hunt
44%
S04E05 Breaking Glass
41%
S03E07 Dark Hollow
41%
S05E05 Dreamcatcher
41%
S01E16 Heart of Darkness
41%
S04E17 Heart of Gold
41%
S04E11 Heroes and Villains
41%
S07E20 Is This Henry Mills?
41%
S05E22 Only You
41%
S05E11 Swan Song
41%
S04E18 Sympathy for the De Vil
41%
S05E06 The Bear and the Bow
41%
S06E03 The Other Shoe
41%
S06E17 Awake
37%
S06E09 Changelings
37%
S04E06 Family Business
37%
S05E20 Firebird
37%
S06E07 Heartless
37%
S02E08 Into the Deep
37%
S06E14 Page 23
37%
S04E03 Rocky Road
37%
S07E14 The Girl in the Tower
37%
S06E01 The Saviour
37%
S06E18 Where Bluebirds Fly
37%
S03E19 A Curious Thing
33%
S04E16 Best Laid Plans
33%
S06E06 Dark Waters
33%
S07E07 Eloise Gardener
33%
S04E14 Enter the Dragon
33%
S05E21 Last Rites
33%
S06E12 Murder Most Foul
33%
S05E16 Our Decay
33%
S03E15 Quiet Minds
33%
S05E12 Souls of the Departed
33%
S05E09 The Bear King
33%
S07E03 The Garden of Forking Paths
33%
S02E11 The Outsider
33%
S04E13 Unforgiven
33%
S06E10 Wish You Were Here
33%
S05E23 An Untold Story
30%
S03E18 Bleeding Through
30%
S07E16 Breadcrumbs
30%
S07E17 Chosen
30%
S05E14 Devil's Due
30%
S06E13 Ill-Boding Patterns
30%
S06E16 Mother's Little Helper
30%
S07E08 Pretty in Blue
30%
S06E04 Strange Case
30%
S06E05 Street Rats
30%
S07E10 The Eighth Witch
30%
S06E11 Tougher Than the Rest
30%
S06E15 A Wondrous Place
26%
S05E10 Broken Heart
26%
S07E21 Homecoming
26%
S06E08 I'll Be Your Mirror
26%
S05E13 Labor of Love
26%
S05E03 Siege Perilous
26%
S06E02 A Bitter Draught
22%
S07E19 Flower Child
22%
S07E09 One Little Tear
22%
S07E11 Secret Garden
22%
S07E15 Sisterhood
22%
S07E18 The Guardian
22%
S07E06 Wake Up Call
22%
S07E12 A Taste of the Heights
19%
S07E05 Greenbacks
19%
S05E17 Her Handsome Hero
19%
S03E16 It's Not So Easy Being Green
19%
S07E13 Knightfall
19%
No matching quizzes found
Score Distribution
Percent of People with Each Score
Percentile by Number Answered
Your Score History
You have not taken this quiz